| 000 | 00874nam a2200253 i 4500 | ||
|---|---|---|---|
| 001 | bg | ||
| 100 | 1 |
_aGAWRYSIAK, Marek _d(1946- ) |
|
| 245 | 1 | 0 |
_aWysokoprzełożeniowe reduktory z łożysk tocznych : _bprzyczynek do niekonwencjonalnego stosowania standardowych elementów maszyn / _cMarek Gawrysiak. |
| 260 |
_aBiałystok : _b[Politechnika Białostocka], _c1998. |
||
| 300 |
_a53 s. : _brys., wykr. ; _c23 cm. |
||
| 500 | _aStreszcz. ang. | ||
| 504 | _aBibliogr. s. 51-52. | ||
| 650 | 9 |
_aŁożyska toczne _xstosowanie |
|
| 650 | 9 |
_aMaszyny _xurządzenia _xnormalizacja _xzagadnienia |
|
| 650 | 9 |
_aPrzekładnie _xbudowa i konstrukcje _xprojekty |
|
| 655 | _aPodręczniki | ||
| 020 | _a838627283X | ||
| 040 | _cBPK | ||
| 041 | 0 |
_apl _ben |
|
| 080 | _a621.82/.85:004.414.2](07) | ||
| 920 | _a83-86272-83-X | ||
| 942 | _cKS | ||
| 008 | s pl f |000 0 pol | ||
| 999 |
_c37843 _d37843 |
||
| 856 |
_uhttp://koha.tu.koszalin.pl/cgi-bin/koha/opac-detail.pl?biblionumber=37843 _yKatalog online BPK |
||